Szczegóły MARC21

Model oczekiwanych strat kredytowych w sprawozdawczości finansowej : koncepcja i zastosowanie /

003 -Nazwa inst., której nr kontr. jest w polu 001 [,]
    • @
    • Nazwa instytucji, której n kontrolny jest w polu 001
    • NUKAT
005 -DATA I CZAS OSTATNIEJ MODYFIKACJI [,]
    • @
    • pole kontrolne
    • 20250717012850.0
020 -Międzynarod. znormalizowany nr książki - ISBN [ , ]
    • a
    • Numer ISBN
    • 9788382201185 Find
020 -Międzynarod. znormalizowany nr książki - ISBN [ , ]
    • a
    • Numer ISBN
    • 9788382201192 Find
    • q
    • Dopowiedzenie
    • e-ISBN
040 -Instytucja sporządzająca opis [ , ]
    • a
    • Instytucja, która sporządziła opis (NP)
    • Ł U/eg
    • b
    • Język katalogowania
    • pol
    • e
    • Zasady katalogowania
    • rda
    • c
    • Instytucja, która sporządziła rekord (NP)
    • Ł U/eg
    • d
    • Instytucja, która zmodyfikowała rekord (P)
    • Ł U/eg
    • d
    • Instytucja, która zmodyfikowała rekord (P)
    • KAT 001/UEpps
    • d
    • Instytucja, która zmodyfikowała rekord (P)
    • WA 14/PTs
942 -Rodzaj dokumentu [ , ]
    • c
    • Rodzaj dokumentu
    • Książka
100 -Hasło główne - nazwa osobowa [1, ]
    • a
    • Nazwa osobowa (NP)
    • Frendzel, Maciej.
    • e
    • Rodzaj współpracy
    • Autor
    • 9
    • KHW
    • 49144
245 -Strefa tytułu i oznaczenia odpowiedzialności [1,0]
    • a
    • Tytuł
    • Model oczekiwanych strat kredytowych w sprawozdawczości finansowej : Find
    • b
    • Ciąg dalszy tytułu (NP)
    • koncepcja i zastosowanie / Find
    • c
    • Pozostałe elementy strefy tytułu i oznaczenia odpowiedzialności (NP)
    • Maciej Frendzel.
250 -Strefa wydania [ , ]
    • a
    • Oznaczenie wydania (NP)
    • Wydanie I.
260 -Strefa adresu wydawniczego [ , ]
    • a
    • Miejsce wydania (P)
    • Łódź :
    • b
    • Nazwa wydawcy (P)
    • Wydawnictwo Uniwersytetu Łódzkiego,
    • c
    • Data wydania (P)
    • 2020.
300 -Strefa opisu fizycznego [ , ]
    • a
    • Określenie formy książki i/lub objętość (NP)
    • 114, [3] strony :
    • b
    • Oznaczenie ilustracji (NP)
    • ilustracje ;
    • c
    • Format (NP)
    • 24 cm.
336 -Typ zawartości [ , ]
    • a
    • Termin opisujący typ zawartości
    • Tekst
    • b
    • Kod określający zawartość
    • txt
    • 2
    • Źródło (terminu i kodu)
    • rdacontent
337 -Typ mediów [ , ]
    • a
    • Tryb odtwarzania
    • Bez urządzenia pośredniczącego
    • b
    • Kod typu mediów
    • n
    • 2
    • Źródło (terminu i kodu)
    • rdamedia
338 -Typ/rodzaj nośnika [ , ]
    • a
    • Hasło opisujące typ nośnika
    • Wolumin
    • b
    • Kod typu nośnika
    • nc
    • 2
    • Źródło (terminu i kodu)
    • rdacarrier
380 -Deskryptor - Forma dzieła (P) [ , ]
    • a
    • forma dzieła (NP)
    • Książki
380 -Deskryptor - Forma dzieła (P) [ , ]
    • a
    • forma dzieła (NP)
    • Publikacje naukowe
385 -Deskryptor - grupa odbiorców (P) [ , ]
    • a
    • termin określający odbiorcę (P)
    • Ekonomiści i ekonomistki
385 -Deskryptor - grupa odbiorców (P) [ , ]
    • a
    • termin określający odbiorcę (P)
    • Pracownicy banków
388 -Deskryptor - czas powstania dzieła (P) [1, ]
    • a
    • Czas powstania dzieła (NP)
    • 2001-
490 -Strefa serii i książki wielotomowej - forma nie do wyszukiwania [1, ]
    • a
    • Tytuł (P)
    • Zarządzanie Find
830 -Hasło dodatkowe serii i opisu książki wielotomowej - tytuł ujednolicony/tytuł [ ,0]
    • a
    • Tytuł ujednolicony/tytuł (NP)
    • Zarządzanie - Wydawnictwo Uniwersytetu Łódzkiego
    • 9
    • KHW
    • 424412
504 -Uwaga dot. bibliogr. załącznikowej [ , ]
    • a
    • Uwaga dot. bibliografii załącznikowej
    • Bibliografia na stronach 111-114.
530 -Uwaga dot. innej postaci fizycznej dokumentu [ , ]
    • a
    • Uwaga dot. innej postaci fizycznej dokumentu
    • Książka dostępna również jako e-book.
648 -Hasło przedmiotowe - chronologia [ ,7]
    • a
    • Deskryptor chronologiczny
    • 2001-
    • 2
    • Źródło terminu
    • DBN
    • 9
    • KHW
    • 721449
650 -Hasło przedmiotowe [ ,7]
    • a
    • Hasło przedmiotowe
    • Ryzyko finansowe
    • x
    • Określnik rzeczowy
    • modele matematyczne.
    • 2
    • Źródło terminu
    • kaba
    • 9
    • KHW
    • 383943
650 -Hasło przedmiotowe [ ,7]
    • a
    • Hasło przedmiotowe
    • Ryzyko finansowe
    • x
    • Określnik rzeczowy
    • ocena.
    • 2
    • Źródło terminu
    • kaba
    • 9
    • KHW
    • 632677
650 -Hasło przedmiotowe [ ,7]
    • a
    • Hasło przedmiotowe
    • Płynność finansowa
    • x
    • Określnik rzeczowy
    • modele ekonometryczne.
    • 2
    • Źródło terminu
    • kaba
    • 9
    • KHW
    • 632676
650 -Hasło przedmiotowe [ ,7]
    • a
    • Hasło przedmiotowe
    • Sprawozdania finansowe.
    • 2
    • Źródło terminu
    • kaba
    • 9
    • KHW
    • 130699
650 -Hasło przedmiotowe [ ,7]
    • a
    • Hasło przedmiotowe
    • Międzynarodowe Standardy Sprawozdawczości Finansowej.
    • 2
    • Źródło terminu
    • kaba
    • 9
    • KHW
    • 200433
650 -Hasło przedmiotowe [ ,7]
    • a
    • Hasło przedmiotowe
    • Międzynarodowe Standardy Sprawozdawczości Finansowej (MSSF)
    • 2
    • Źródło terminu
    • DBN
650 -Hasło przedmiotowe [ ,7]
    • a
    • Hasło przedmiotowe
    • Ryzyko kredytowe
    • 2
    • Źródło terminu
    • DBN
650 -Hasło przedmiotowe [ ,7]
    • a
    • Hasło przedmiotowe
    • Sprawozdawczość finansowa
    • 2
    • Źródło terminu
    • DBN
    • 9
    • KHW
    • 728381
651 -Hasło przedmiotowe w formie nazwy geograficznej [ ,7]
    • a
    • Nazwa geograficzna
    • Polska
    • 2
    • Źródło terminu
    • DBN
    • 9
    • KHW
    • 721438
655 -Hasło w funkcji tematu formalnego [ ,7]
    • a
    • Hasło
    • Monografia
    • 2
    • Źródło terminu
    • DBN
    • 9
    • KHW
    • 721273
658 -Ujęcie treści [ , ]
    • a
    • dziedzina nauki i sztuki/ sfera aktywności życiowej
    • Gospodarka, ekonomia, finanse
658 -Ujęcie treści [ , ]
    • a
    • dziedzina nauki i sztuki/ sfera aktywności życiowej
    • Prawo i wymiar sprawiedliwości
710 -Hasło dodatkowe - nazwa ciała zbiorowego [2, ]
    • a
    • Nazwa ciała zbiorowego lub nazwa geograficzna jako pierwszy element (NP)
    • Uniwersytet Łódzki.
    • b
    • Nazwa jednostki podrzędnej (P)
    • Wydawnictwo.
    • e
    • Rodzaj współpracy
    • Wydawca
    • 4
    • Kod relacji
    • pbl
    • 9
    • KHW
    • 52189
920 -ISBN [ , ]
    • a
    • ISBN
    • 978-83-8220-118-5 Find
920 -ISBN [ , ]
    • a
    • ISBN
    • 978-83-8220-119-2 Find
    • q
    • Dopowiedzenie
    • e-ISBN
Data inwentaryzacji Lokalizacja Numer inwentarzowy Status udost.
2022-05-12BEE.80852-2
2022-05-12BES.97820-2